The political system: an inquiry into the state of political science
Gorde:
| Egile nagusia: | |
|---|---|
| Formatua: | Liburua |
| Hizkuntza: | ingelesa |
| Argitaratua: |
Nueva York
Alfred A. Knopf
1953
|
| Gaiak: | |
| Etiketak: |
Etiketa erantsi
Etiketarik gabe, Izan zaitez lehena erregistro honi etiketa jartzen!
|
MARC
| LEADER | 00000nam a2200000 a 4500 | ||
|---|---|---|---|
| 001 | UCO8035 | ||
| 003 | CL-VaPUC | ||
| 008 | 001124e19530000US |||||||||||||||||eng|d | ||
| 082 | 0 | 4 | |a 320.011 |b EAS |2 21 |
| 100 | 0 | |a Easton, David |e author |9 452875 | |
| 245 | 1 | 4 | |a The political system: an inquiry into the state of political science |
| 300 | |a 320 p | ||
| 942 | |c BK | ||
| 945 | |d 20001124 00:00:00 |a crobeson | ||
| 260 | |a Nueva York |b Alfred A. Knopf |c 1953 | ||
| 500 | |a Donación del profesor Manfred Wilhelmy von Wolff | ||
| 650 | 0 | |a Ciencias Políticas |9 255201 | |
| 650 | 7 | |a TEORIA POLITICA |2 CL-VaPUC |9 452876 | |
| 650 | 7 | |a COMPORTAMIENTO POLITICO |2 CL-VaPUC |9 335468 | |
| 650 | 0 | |a Investigación científica |9 259857 | |
| 583 | |a last modification |c 20001124 00:00:00 |k Rodrigo Vera | ||
| 999 | |c 292846 |d 292844 | ||
| 952 | |0 0 |1 0 |4 0 |6 320_011000000000000_EAS_1953 |7 0 |8 A |9 343920 |a BIBHIS |b BIBHIS |d 2019-11-20 |i 1235575 |o 320.011 EAS 1953 |p 1235575 |r 2025-01-20 |w 2019-11-20 |y BK |k HIS | ||